Từ điển từ công cụ tiếng Việt

محفوظ في:
التفاصيل البيبلوغرافية
المؤلف الرئيسي: Đỗ Thanh
التنسيق: كتاب
اللغة:Undetermined
منشور في: Hà Nội Giáo Dục 1998
الموضوعات:
الوسوم: إضافة وسم
لا توجد وسوم, كن أول من يضع وسما على هذه التسجيلة!
Thư viện lưu trữ: Trung tâm Học liệu Trường Đại học Cần Thơ
LEADER 00592nam a2200193Ia 4500
001 CTU_28083
008 210402s9999 xx 000 0 und d
020 |b 15.000đ 
082 |a 495.22503 
082 |b Th107 
100 |a Đỗ Thanh 
245 0 |a Từ điển từ công cụ tiếng Việt 
245 0 |c Đỗ Thanh 
260 |a Hà Nội 
260 |b Giáo Dục 
260 |c 1998 
650 |a expression,nonverbal communication,vietnamese language - grammar - dictionaries 
904 |i Minh, 990115 
980 |a Trung tâm Học liệu Trường Đại học Cần Thơ